000 00268nam a2200109Ia 4500
001 588587
005 20250717120834.0
008 250717s9999 xx 000 0 und d
245 0 _aV-4 GDO GEZEGENİ
_cSYLVİE BAUSSİER
260 _bERDEM YAYINLARI
_c2019
300 _b95
999 _c588587
_d588587